00390pam a2200145 a 4500020001200000040002500012041001300037082001600050100002400066245005700090260003900147300001300186365001200199653003300211 c2477.17 aMedical College Libr aENGhENG a618.92bCUL aCulbertson, Jan L.. aSudden Infant Death Syndrome / chTextual Documents aLondon : bEdward Arnold , c1988. a242 ; c a2477.17 aPaediatricsaMedical Science